[Event "HUN-chT2 Maroczy 0708"]
[Site "Hungary"]
[Date "2008.05.18"]
[Round "11"]
[White "Antal, Attila"]
[Black "Antal, Agnes"]
[Result "1/2-1/2"]
[WhiteElo "2046"]
[BlackElo "2038"]
[PlyCount "71"]
[EventDate "2007.10.14"]
[EventType "team"]
[EventRounds "11"]
[EventCountry "HUN"]
[SourceTitle "EXT 2009"]
[Source "ChessBase"]
[SourceDate "2008.11.26"]
[SourceVersion "1"]
[SourceVersionDate "2008.11.26"]
[SourceQuality "1"]
[WhiteTeam "Fuzesabony"]
[BlackTeam "Barcza"]
[WhiteTeamCountry "HUN"]
[BlackTeamCountry "HUN"]

1. e4 e6 2. d4 d5 3. e5 c5 4. c3 Nc6 5. Nf3 cxd4 6. cxd4 Nh6 7. Bd3 Nf5 8. Bxf5 exf5 9. Nc3 Be6 10. Ne2 Be7 11. h4 h6 12. g3 Rc8 13. Be3 Qb6 14. Qb3 Qxb3 15. axb3 a6 16. Rc1 Kd7 17. Nc3 Bb4 18. Ke2 Rc7 19. Bd2 Rf8 20. Na4 Bxd2 21. Nc5+ Ke7 22. Kxd2 Rfc8 23. Ke3 Nb4 24. Nd3 Nxd3 25. Rxc7+ Rxc7 26. Kxd3 f6 27. Kd2 fxe5 28. Nxe5 Kf6 29. f4 Bd7 30. Rc1 Rxc1 31. Kxc1 Bb5 32. Kd2 Ke6 33. Kc3 Kd6 34. Nf3 Be8 35. Ne1 Bb5 36. Nf3 1/2-1/2

[Event "HUN-chT2 Maroczy 0708"]
[Site "Hungary"]
[Date "2008.03.16"]
[Round "8"]
[White "Antal, Attila"]
[Black "Nagy, Kalman"]
[Result "1-0"]
[WhiteElo "2046"]
[BlackElo "2075"]
[PlyCount "65"]
[EventDate "2007.10.14"]
[EventType "team"]
[EventRounds "11"]
[EventCountry "HUN"]
[SourceTitle "EXT 2009"]
[Source "ChessBase"]
[SourceDate "2008.11.26"]
[SourceVersion "1"]
[SourceVersionDate "2008.11.26"]
[SourceQuality "1"]
[WhiteTeam "Fuzesabony"]
[BlackTeam "Miskolc EMSE"]
[WhiteTeamCountry "HUN"]
[BlackTeamCountry "HUN"]

1. e4 e5 2. Nf3 Nc6 3. Bc4 Bc5 4. b4 Bxb4 5. c3 Be7 6. d4 exd4 7. cxd4 d5 8. Bxd5 Nf6 9. Bxc6+ bxc6 10. Qc2 0-0 11. 0-0 Bg4 12. Nbd2 c5 13. dxc5 Nd7 14. Ba3 c6 15. Rac1 Rb8 16. Nd4 Ne5 17. N2b3 Qc7 18. f4 Ng6 19. h3 Bc8 20. e5 Ba6 21. Rf3 Rfd8 22. Qe4 Rd5 23. Nf5 Nh4 24. Re3 Nxf5 25. Qxf5 Rbd8 26. Bb2 Bc8 27. Qe4 Ba6 28. f5 Bg5 29. Rg3 Bxc1 30. Nxc1 f6 31. exf6 Rd1+ 32. Kh2 Bc8 33. Qe7 1-0

[Event "HUN-chT2 Maroczy 0708"]
[Site "Hungary"]
[Date "2008.03.02"]
[Round "7"]
[White "Herczku, Daniel"]
[Black "Antal, Attila"]
[Result "0-1"]
[WhiteElo "2080"]
[BlackElo "2046"]
[PlyCount "58"]
[EventDate "2007.10.14"]
[EventType "team"]
[EventRounds "11"]
[EventCountry "HUN"]
[SourceTitle "EXT 2009"]
[Source "ChessBase"]
[SourceDate "2008.11.26"]
[SourceVersion "1"]
[SourceVersionDate "2008.11.26"]
[SourceQuality "1"]
[WhiteTeam "Koszolg"]
[BlackTeam "Fuzesabony"]
[WhiteTeamCountry "HUN"]
[BlackTeamCountry "HUN"]

1. e4 e5 2. Nf3 Nc6 3. Nc3 Nf6 4. Bb5 Bb4 5. d3 d6 6. 0-0 0-0 7. Bxc6 bxc6 8. Ne2 Bg4 9. Ng3 Qd7 10. h3 Be6 11. c3 Ba5 12. d4 exd4 13. cxd4 Bc4 14. e5 Nd5 15. Ne2 Rfe8 16. Bd2 Bb6 17. Re1 Ba6 18. Ng3 c5 19. dxc5 Bxc5 20. Bg5 Bb7 21. Re4 Ne7 22. e6 fxe6 23. Ne5 Qb5 24. Qh5 dxe5 25. Rh4 Bxf2+ 26. Kh1 Bxg3 27. Qxh7+ Kf7 28. Bxe7 Bxh4 29. Qxh4 Rh8 0-1

[Event "HUN-chT2 Maroczy 0708"]
[Site "Hungary"]
[Date "2008.02.17"]
[Round "6"]
[White "Antal, Attila"]
[Black "Kiss, Balazs1111"]
[Result "1-0"]
[WhiteElo "2046"]
[BlackElo "2111"]
[PlyCount "103"]
[EventDate "2007.10.14"]
[EventType "team"]
[EventRounds "11"]
[EventCountry "HUN"]
[SourceTitle "EXT 2009"]
[Source "ChessBase"]
[SourceDate "2008.11.26"]
[SourceVersion "1"]
[SourceVersionDate "2008.11.26"]
[SourceQuality "1"]
[WhiteTeam "Fuzesabony"]
[BlackTeam "Oroshaza"]
[WhiteTeamCountry "HUN"]
[BlackTeamCountry "HUN"]

1. e4 e5 2. Nf3 Nc6 3. Bc4 Bc5 4. b4 Bxb4 5. c3 Ba5 6. d4 d6 7. Qb3 Qd7 8. 0-0 Bb6 9. dxe5 dxe5 10. Ba3 Na5 11. Qb4 c5 12. Qb5 Nxc4 13. Qxc4 Qe7 14. Nbd2 Nf6 15. Qb3 0-0 16. Nc4 Bc7 17. Qc2 b6 18. Ne3 Bb7 19. Nd2 Rfd8 20. c4 Qd7 21. Nd5 Nxd5 22. cxd5 Ba6 23. Rfe1 Bd6 24. Bb2 Rdc8 25. f4 f6 26. fxe5 fxe5 27. Nf3 Re8 28. Qf2 Qg4 29. h3 Qd7 30. Qg3 Qe7 31. Nh4 Bc8 32. Rf1 Bd7 33. Nf5 Bxf5 34. Rxf5 Qc7 35. h4 Rad8 36. Raf1 Rd7 37. Rg5 Rf7 38. Rxf7 Qxf7 39. Bxe5 Bf8 40. h5 h6 41. Rg6 Kh7 42. d6 c4 43. Qc3 b5 44. Qd4 Qb7 45. d7 Rd8 46. Bxg7 Bc5 47. Qxc5 Qxd7 48. Bf6 Rg8 49. Rxg8 Kxg8 50. Qd5+ Qxd5 51. exd5 b4 52. d6 1-0

[Event "HUN-chT2 Maroczy 0607"]
[Site "Hungary"]
[Date "2007.05.20"]
[Round "11"]
[White "Antal, Attila"]
[Black "Rendi, Eva"]
[Result "1-0"]
[WhiteElo "2083"]
[BlackElo "2143"]
[PlyCount "35"]
[EventDate "2006.11.12"]
[EventType "team"]
[EventRounds "11"]
[EventCountry "HUN"]
[SourceTitle "EXT 2008"]
[Source "ChessBase"]
[SourceDate "2007.11.25"]
[SourceVersion "1"]
[SourceVersionDate "2007.11.25"]
[SourceQuality "1"]
[WhiteTeam "Fuzesabony"]
[BlackTeam "Sarospatak"]
[WhiteTeamCountry "HUN"]
[BlackTeamCountry "HUN"]

1. e4 c5 2. Nf3 d6 3. d4 cxd4 4. Qxd4 Nc6 5. Bb5 Bd7 6. Bxc6 Bxc6 7. Nc3 Nf6 8. Bg5 Qa5 9. 0-0-0 0-0-0 10. Rhe1 h6 11. Bh4 g5 12. Bg3 Bg7 13. Qc4 Nh5 14. Nd4 Qb6 15. Nd5 Qc5 16. Nxe7+ Kd7 17. Qxc5 dxc5 18. Ndxc6+ 1-0